| 000 | 01292nam a22003017a 4500 | ||
|---|---|---|---|
| 999 |
_c51281 _d51281 |
||
| 005 | 20230811163444.0 | ||
| 008 | s2550 th tha d | ||
| 020 | _a9789748233048 | ||
| 040 | _aNALT | ||
| 041 | _atha | ||
| 050 |
_aJQ1745.A5 _bป619พ 2550 |
||
| 100 | 0 | _aปิยบุตร แสงกนกกุล | |
| 245 | 1 | 0 |
_aพระราชอำนาจ องคมนตรี และผู้มีบารมีนอกรัฐธรรมนูญ / _cปิยบุตร แสงกนกกุล |
| 260 |
_aกรุงเทพฯ : _bOpenbooks, _c2550. |
||
| 300 |
_a205 หน้า ; _c21 ซม. |
||
| 650 | 0 |
_aรัฐประหาร _9197 _zไทย |
|
| 650 | 0 | 4 | _aการนิรโทษกรรม |
| 650 | 0 | 4 | _aการบริหารราชการในสถานการณ์ฉุกเฉิน |
| 650 | 0 | 4 | _aองคมนตรี |
| 650 | 0 | 4 | _aคดี กฟผ. |
| 650 | 0 | 4 | _aนิติรัฐ |
| 650 | 0 | 4 | _aพระราชอำนาจ |
| 651 | 0 |
_aไทย _xการเมืองและการปกครอง _xวิจารณ์ _9485 |
|
| 653 | 4 | _aรัฐประหาร 19 ก.ย. 2549 | |
| 850 | _aNALT | ||
| 942 |
_cGB _2lcc _01 |
||
| 998 |
_j111 _k นางสาวพจพิณ พรมเอี่ยม |
||